000
00249nam a2200097Ia 4500
001
1204588
005
20250827022730.0
008
250824s9999 xx 000 0 und d
245
0
_a
KELİLE VE DİMNE
_c
BEYDEBA
260
_b
MİLLİ EĞİTİM BAKANLIĞI
999
_c
1204588
_d
1204588